000
00512nam a2200133Ia 4500
008
100328s9999 xx 000 0 und d
082
_b
46266
100
_a
काळे जयराम
245
_a
महाराष्ट्र सरकारची अनुदाने
260
_b
मनोविकास
630
_a
महाराष्ट्र सरकारची अनुदाने
730
_a
महाराष्ट्र सरकारची अनुदाने
942
_c
BOOK
999
_c
534266
_d
534263